| 000 | 00964nam a22002777a 4500 | ||
|---|---|---|---|
| 005 | 2011080406576.0 | ||
| 008 | 090728t xxu||||| |||| 00| 0 pun d | ||
| 010 | _aPUN-6951 | ||
| 020 |
_c100.00 _a9788179143902 |
||
| 035 | _aPN-6069 | ||
| 037 | _bDBAD / PUB | ||
| 040 |
_adpl _bpn |
||
| 082 | _a851 | ||
| 100 | _924414 | ||
| 245 |
_aਅਨਮੋਲ ਰਤਨ / _cਭਗਤ ਰਾਮ ਰੰਗਡ਼ਾ ਦ੍ਵਾਰਾ ਸੰਪਾਦਿਤ |
||
| 246 |
_aAnmol Rattan _bed by Bhagat ram Rangara |
||
| 260 |
_aChandigarh _bTarlochan Publishers _c2011 |
||
| 270 |
_a3236, Sector-15-D, _bChandigarh _k0172-4613236 |
||
| 300 | 4 |
_a112 ਸਫੇ _c22ਸੇਮੀ (ਅਜਿਲੱਦ) |
|
| 600 | _931401 | ||
| 650 | _924412 | ||
| 650 | _924431 | ||
| 700 | _931690 | ||
| 942 |
_2ddc _cPN _h851 _mਅਨਮੋ |
||
| 999 |
_c55169 _d55169 |
||